<?xml version="1.0" encoding="UTF-8"?>
<record
    xmlns:xsi="http://www.w3.org/2001/XMLSchema-instance"
    xsi:schemaLocation="http://www.loc.gov/MARC21/slim http://www.loc.gov/standards/marcxml/schema/MARC21slim.xsd"
    xmlns="http://www.loc.gov/MARC21/slim">

  <leader>00492cam a22001694a 4500</leader>
  <datafield tag="020" ind1=" " ind2=" ">
    <subfield code="a">9781598842036</subfield>
  </datafield>
  <datafield tag="020" ind1=" " ind2=" ">
    <subfield code="a">9781598842043</subfield>
  </datafield>
  <datafield tag="082" ind1="0" ind2="0">
    <subfield code="a">200.3</subfield>
    <subfield code="b">MEL</subfield>
  </datafield>
  <datafield tag="245" ind1="0" ind2="0">
    <subfield code="a">Religions of the world : A Comprehensive Encyclopedia of Beliefs and Practices</subfield>
  </datafield>
  <datafield tag="250" ind1=" " ind2=" ">
    <subfield code="a">2nd ed.</subfield>
  </datafield>
  <datafield tag="260" ind1=" " ind2=" ">
    <subfield code="a">Santa Barbara, Calif. :</subfield>
    <subfield code="b">ABC-CLIO,</subfield>
    <subfield code="c">c2010.</subfield>
  </datafield>
  <datafield tag="300" ind1=" " ind2=" ">
    <subfield code="a">6 v. (cxvi, 3200, I-51 p.) :</subfield>
    <subfield code="b">ill., maps ;</subfield>
  </datafield>
  <datafield tag="650" ind1=" " ind2="0">
    <subfield code="a">Religions</subfield>
  </datafield>
  <datafield tag="700" ind1="1" ind2=" ">
    <subfield code="a">Melton, J. Gordon.</subfield>
  </datafield>
  <datafield tag="700" ind1="1" ind2=" ">
    <subfield code="a">Baumann, Martin,</subfield>
  </datafield>
  <datafield tag="942" ind1=" " ind2=" ">
    <subfield code="c">BK</subfield>
  </datafield>
  <datafield tag="952" ind1=" " ind2=" ">
    <subfield code="0">0</subfield>
    <subfield code="1">0</subfield>
    <subfield code="4">0</subfield>
    <subfield code="7">0</subfield>
    <subfield code="a">HMI</subfield>
    <subfield code="b">HMI</subfield>
    <subfield code="c">REF</subfield>
    <subfield code="d">2023-08-01</subfield>
    <subfield code="e">Kohinoor Book Distributor</subfield>
    <subfield code="g">56000.00</subfield>
    <subfield code="l">0</subfield>
    <subfield code="o">200.3 MEL  VOL - 1</subfield>
    <subfield code="p">25868</subfield>
    <subfield code="r">2023-08-01</subfield>
    <subfield code="w">2023-08-01</subfield>
    <subfield code="y">BK</subfield>
  </datafield>
  <datafield tag="952" ind1=" " ind2=" ">
    <subfield code="0">0</subfield>
    <subfield code="1">0</subfield>
    <subfield code="4">0</subfield>
    <subfield code="7">0</subfield>
    <subfield code="a">HMI</subfield>
    <subfield code="b">HMI</subfield>
    <subfield code="c">REF</subfield>
    <subfield code="d">2023-08-01</subfield>
    <subfield code="e">Kohinoor Book Distributor</subfield>
    <subfield code="g">56000.00</subfield>
    <subfield code="l">0</subfield>
    <subfield code="o">200.3 MEL  VOL -2</subfield>
    <subfield code="p">25869</subfield>
    <subfield code="r">2023-08-01</subfield>
    <subfield code="w">2023-08-01</subfield>
    <subfield code="y">BK</subfield>
  </datafield>
  <datafield tag="952" ind1=" " ind2=" ">
    <subfield code="0">0</subfield>
    <subfield code="1">0</subfield>
    <subfield code="4">0</subfield>
    <subfield code="7">0</subfield>
    <subfield code="a">HMI</subfield>
    <subfield code="b">HMI</subfield>
    <subfield code="c">REF</subfield>
    <subfield code="d">2023-08-01</subfield>
    <subfield code="e">Kohinoor Book Distributor</subfield>
    <subfield code="g">56000.00</subfield>
    <subfield code="l">0</subfield>
    <subfield code="o">200.3 MEL  VOL -3</subfield>
    <subfield code="p">25870</subfield>
    <subfield code="r">2023-08-01</subfield>
    <subfield code="w">2023-08-01</subfield>
    <subfield code="y">BK</subfield>
  </datafield>
  <datafield tag="952" ind1=" " ind2=" ">
    <subfield code="0">0</subfield>
    <subfield code="1">0</subfield>
    <subfield code="4">0</subfield>
    <subfield code="7">0</subfield>
    <subfield code="a">HMI</subfield>
    <subfield code="b">HMI</subfield>
    <subfield code="c">REF</subfield>
    <subfield code="d">2023-08-01</subfield>
    <subfield code="e">Kohinoor Book Distributor</subfield>
    <subfield code="g">56000.00</subfield>
    <subfield code="l">0</subfield>
    <subfield code="o">200.3 MEL  VOL -4</subfield>
    <subfield code="p">25871</subfield>
    <subfield code="r">2023-08-01</subfield>
    <subfield code="w">2023-08-01</subfield>
    <subfield code="y">BK</subfield>
  </datafield>
  <datafield tag="952" ind1=" " ind2=" ">
    <subfield code="0">0</subfield>
    <subfield code="1">0</subfield>
    <subfield code="4">0</subfield>
    <subfield code="7">0</subfield>
    <subfield code="a">HMI</subfield>
    <subfield code="b">HMI</subfield>
    <subfield code="c">REF</subfield>
    <subfield code="d">2023-08-01</subfield>
    <subfield code="e">Kohinoor Book Distributor</subfield>
    <subfield code="g">56000.00</subfield>
    <subfield code="l">0</subfield>
    <subfield code="o">200.3 MEL  VOL -5</subfield>
    <subfield code="p">25872</subfield>
    <subfield code="r">2023-08-01</subfield>
    <subfield code="w">2023-08-01</subfield>
    <subfield code="y">BK</subfield>
  </datafield>
  <datafield tag="952" ind1=" " ind2=" ">
    <subfield code="0">0</subfield>
    <subfield code="1">0</subfield>
    <subfield code="4">0</subfield>
    <subfield code="7">0</subfield>
    <subfield code="a">HMI</subfield>
    <subfield code="b">HMI</subfield>
    <subfield code="c">REF</subfield>
    <subfield code="d">2023-08-01</subfield>
    <subfield code="e">Kohinoor Book Distributor</subfield>
    <subfield code="g">56000.00</subfield>
    <subfield code="l">0</subfield>
    <subfield code="o">200.3 MEL  VOL -6</subfield>
    <subfield code="p">25873</subfield>
    <subfield code="r">2023-08-01</subfield>
    <subfield code="w">2023-08-01</subfield>
    <subfield code="y">BK</subfield>
  </datafield>
  <datafield tag="999" ind1=" " ind2=" ">
    <subfield code="c">23328</subfield>
    <subfield code="d">23328</subfield>
  </datafield>
</record>
